I'm the biggest thing in the ocean / (Record no. 645)

MARC details
000 -LEADER
fixed length control field 00970nam a22003017a 4500
005 - DATE AND TIME OF LATEST TRANSACTION
control field 20230628085623.0
020 ## - INTERNATIONAL STANDARD BOOK NUMBER
International Standard Book Number 9780803731929 (lib. bdg.)
040 ## - CATALOGING SOURCE
Original cataloging agency DLC
Transcribing agency DLC
Modifying agency DLC
Language of cataloging eng
050 00 - LIBRARY OF CONGRESS CALL NUMBER
Classification number PZ7.S549
Item number Im 2007
082 00 - DEWEY DECIMAL CLASSIFICATION NUMBER
Classification number [E]
Edition number 22
100 1# - MAIN ENTRY--PERSONAL NAME
Personal name Sherry, Kevin.
245 10 - TITLE STATEMENT
Title I'm the biggest thing in the ocean /
Statement of responsibility, etc. by Kevin Sherry.
250 ## - EDITION STATEMENT
Edition statement First Scholastic printing, May 2008.
260 ## - PUBLICATION, DISTRIBUTION, ETC.
Place of publication, distribution, etc. New York :
Name of publisher, distributor, etc. Scholastic,
Date of publication, distribution, etc. 2007.
300 ## - PHYSICAL DESCRIPTION
Extent 40 unnumbered pages :
Other physical details color illustrations ;
Dimensions 23 cm.
505 ## - FORMATTED CONTENTS NOTE
Formatted contents note D <br/>
520 ## - SUMMARY, ETC.
Summary, etc. A giant squid brags about being bigger than everything else in the ocean--almost.
521 ## - TARGET AUDIENCE NOTE
Target audience note 200 <br/>
Source Lexile <br/>
521 ## - TARGET AUDIENCE NOTE
Target audience note D <br/>
Source Raz-Plus <br/>
650 #1 - SUBJECT ADDED ENTRY--TOPICAL TERM
Topical term or geographic name entry element Giant squids
Form subdivision Fiction.
650 #1 - SUBJECT ADDED ENTRY--TOPICAL TERM
Topical term or geographic name entry element Squids
Form subdivision Fiction.
650 #1 - SUBJECT ADDED ENTRY--TOPICAL TERM
Topical term or geographic name entry element Marine animals
Form subdivision Fiction.
650 #1 - SUBJECT ADDED ENTRY--TOPICAL TERM
Topical term or geographic name entry element Size
Form subdivision Fiction.
906 ## - LOCAL DATA ELEMENT F, LDF (RLIN)
a 7
b cbc
c orignew
d 1
e ecip
f 20
g y-gencatlg
942 ## - ADDED ENTRY ELEMENTS (KOHA)
Source of classification or shelving scheme Dewey Decimal Classification
Koha item type Books
Suppress in OPAC No
999 ## -
-- 645
-- 645
Holdings
Withdrawn status Lost status Source of classification or shelving scheme Damaged status Not for loan Collection Home library Current library Shelving location Date acquired Total Checkouts Full call number Barcode Date last seen Date last checked out Price effective from Koha item type
    Dewey Decimal Classification     Fiction Footprints International School Library Network Toul Kork Campus Footprints International School Library Network Toul Kork Campus TK Primary Library Room(4th Floor), Bookcase 7, Shelves 57-60, Dark Green Books 06/28/2023 3 SHE Fic PZ7.S549 FISBK06295 06/14/2024 05/28/2024 06/28/2023 Books